Algunas notas sobre creatividad /
Manual que ofrece una serie de técnicas para el desarrollo de la creatividad, basadas en las teorías de los mayores exponentes de las teorías sobre imaginación creativa. La mayoría de las ideas pueden ser aplicadas a la creatividad gráfica.
Uloženo v:
| Hlavní autor: | |
|---|---|
| Médium: | Kniha |
| Jazyk: | španělština |
| Vydáno: |
Guadalajara, México :
Universidad de Guadalajara, Centro Universitario de Arte, Arquitectura y Diseño,
2007, c2007
|
| Témata: | |
| Tagy: |
Žádné tagy, Buďte první, kdo vytvoří štítek k tomuto záznamu!
|
MARC
| LEADER | 00000nam^a2200000^a^4500 | ||
|---|---|---|---|
| 001 | 000308361 | ||
| 005 | 20250521000000.0 | ||
| 009 | 20260310112915.153 | ||
| 020 | |a 978-970-27-1194-0 | ||
| 037 | |a Acervo ITESO - Biblioteca | ||
| 041 | |a ESP | ||
| 082 | |a 153. 35 |b FRE | ||
| 100 | |a Fregoso Torres, Jorge E. |e (autor) | ||
| 245 | 1 | 0 | |a Algunas notas sobre creatividad / |c J.E. Fregoso Torres. |
| 264 | 4 | |a Guadalajara, México : |b Universidad de Guadalajara, Centro Universitario de Arte, Arquitectura y Diseño, |c 2007, c2007 | |
| 300 | |a 166 p. | ||
| 336 | |a texto |b txt |2 rdacontenido | ||
| 337 | |a sin mediación |b n |2 rdamedio | ||
| 338 | |a volumen |b nc |2 rdasoporte | ||
| 520 | |a Manual que ofrece una serie de técnicas para el desarrollo de la creatividad, basadas en las teorías de los mayores exponentes de las teorías sobre imaginación creativa. La mayoría de las ideas pueden ser aplicadas a la creatividad gráfica. | ||
| 649 | |a XX | ||
| 650 | |a Imaginación | ||
| 650 | |a Creatividad - |x Teoría - |x Tema Principal | ||
| 650 | |a Creación (Literaria, Artística, etc.) | ||
| 650 | |a Pensamiento | ||
| 650 | |a Comunicación Visual | ||
| 650 | |a Diseño Gráfico | ||
| 650 | |a Psicología | ||
| 910 | |a Fondo General | ||
| 920 | |a Impresos - Libros | ||
| 930 | |a Colección General | ||
| 905 | |a 101 | ||
| 901 | |a 0500194649 |b IT1 |c ACC |i C127571 |u 20250521 | ||
| 902 | |a https://opac.biblio.iteso.mx/vufind/Record/000308361 | ||